| 000 | 02343nab a2200325 a 4500 | ||
|---|---|---|---|
| 005 | 20250303091836.0 | ||
| 008 | 991125c2017 sp fr p o 000 0 spa d | ||
| 035 | _aUPN01000220453 | ||
| 040 |
_aUPN _bspa _cUPN _eaacr2 |
||
| 049 | _aART-E | ||
| 100 | 1 |
_aCarvalho, José Luis _6- jltc@unex.es |
|
| 100 | 1 | _aLuengo González, Ricardo Francisco | |
| 100 | 1 | _aCasas García, Luis M. | |
| 100 | 1 | _aAlmeida, C. P. | |
| 100 | 1 | _aAlzás García,Teresa | |
| 245 | 1 | 3 |
_aLa Teoría de los Conceptos nucleares y sus aplicaciones a las Ciencias Sociales, Educación Matemática e Ingeniería _h[recurso electrónico en línea] |
| 506 | 0 | _aAcceso abierto | |
| 520 | 3 | _aEl presente artículo tiene como principal objetivo dar a conocer la Teoría de los Conceptos Nucleares y la técnica de Redes Asociativas Pathfinder. El enfoque metodológico se enmarca en los métodos mixtos, con sistemas de apoyo digitales (webQDA y GOLUCA) susceptibles de realizar análisis tanto cualitativos como cuantitativos. El artículo empieza por presentar la Teoría de los Conceptos Nucleares y su técnica asociada para posteriormente mostrar ejemplos de su aplicación dentro de distintos campos de estudio, nombradamente en las Ciencias Sociales a través del estudio sobre las trayectorias educativas en relación al abandono y retorno al sistema educativo, en las Matemáticas a través del estudio de unidades didácticas y recursos educativos digitales aplicados al tema de las operaciones aritméticas, trigonometría y probabilidad, en las Ingeniería Telemática e Ingeniería Informática a través del análisis del proceso de enseñanza de los alumnos de la asignatura de Base de Datos del Grado de Ingeniería Informática en Tecnologías de la Información (GIITI) del Centro Universitario de Mérida – Universidad de Extremadura. | |
| 650 | 4 |
_aCiencias sociales _99133 |
|
| 650 | 2 |
_920751 _aIngeniería |
|
| 653 | 0 | _aEstructura cognitiva | |
| 653 | 0 | _aTeoría de los conceptos nucleares | |
| 653 | 0 | _aRedes Asociativas Pathfinder | |
| 653 | 0 | _aEducación matemática | |
| 773 |
_gVol. 36, no. 1 (2017), p. 5-28 _tCampo abierto : revista de educación _x0213-9529 |
||
| 856 | 4 | _uhttps://revista-campoabierto.unex.es/index.php/campoabierto/article/view/2976 | |
| 902 | _aGloria Jiménez/0624 | ||
| 905 | _aArticulo | ||
| 942 | _cART-E | ||
| 999 |
_c192552 _d192552 |
||